000 02182nam a2200253Ia 4500
003 CO-CtgCURN
005 20250408234838.0
008 190723s9999 xx 000 0 und d
020 _a95871015092
040 _aCO-CtgCURN
_bspa
_ccoctgcurn
082 _a344.046
_bQ7
245 0 _a15 anos de la constitucion ecologica de Colombia /
_cOscar Dario Amaya Navas ... [et al.].
260 _aBogotá, Colombia :
_bUniversidad Externado de Colombia,
_c2006
300 _a596 páginas ;
_c23 centímetros
504 _aIncluye referencias bibliográficas
505 _aDesarrollo del Control Fiscal Ambiental -- Avances políticos y normativos de la educacion ambiental en Colombia -- Constitucion Politica del Peru de I993 y medio ambiente -- La accion de cumplimiento y la protección del ambiente -- La introducción de desechos peligrosos al pais: mas controversias que prohibiciones -- Participacion ciudadana en la gestion ambiental, I5 anos despues de la Constitucion Politica -- La Constitucion Ecologica y la protección de los humedales en el Distrito Capital -- El dano ambiental y las acciones populares -- Viabilidad juridica del desarrollo sostenible -- El DAMA o la importancia de la ciudad -- Servicios públicos Domiciliarios, Constitucion Politica y Medio Ambiente -- El medio ambiente en la Constitucion española: nuevos planteamientos sobre una problematica permanente -- La funcion social y ecologica de la propiedad -- Evolucion legal y jurisprudencial de las acciones constitucionales en materia ambiental. Las acciones populares y de grupo -- Ambiente y Constitucion en la República Argentina. La reforma de 1994 y los presupuestos minimos de la protección ambiental -- Informe anual al Congreso del estado de los recursos naturales -- Algunos de los principales desarrollos normativos de la Constitucion Politica de 1991 en materia ambiental.
521 _aAREA PROFESIONAL
590 _aPrograma de Derecho_18
650 _aDerecho ambiental
_96413
650 _aDerecho social
_96414
700 _aAmaya Navas, oscar Dario
_96415
942 _cBK
_h344.046
_iQ7
_2ddc
_n0
999 _c28701
_d28701